Kočičí válečníci : dobrodružství Šedého pruha. Ztracený válečník /

Příběh kočičích válečných klanů ožívá v manga komiksu.

Uloženo v:
Hlavní autor: Hunter, Erin (Autor)
Další autoři: Jolley, Dan, 1971- (Autor), Barry, James L. (Autor), Krenželoková, Beata, 1995- (Ilustrátor)
Médium: Kniha
Jazyk:Czech
Vydáno: V Praze : Albatros, 2026
Vydání:2. vydání, v této podobě 1. vydání
Témata:
Celkem bylo vypůjčeno:0x
Tagy:
Žádné tagy
LEADER 02621nam a2200553 i 4500
001 106486
003 CZ PrNK
005 20260604153349.0
007 ta
008 260518s2026 xr a c 6 000 1 cze
015 |a cnb003758358 
020 |a 9788000081496  |q (brožováno) :  |c Kč 229,00 
040 |a ABG001  |b cze  |e rda 
041 1 |a cze  |h eng 
072 7 |a 741.52  |x Komiksy. Komiksové adaptace  |2 Konspekt  |9 21 
072 7 |a 821-93  |x Literatura pro děti a mládež (beletrie)  |2 Konspekt  |9 26 
080 |a 741.52(0:82-32)  |2 MRF 
080 |a 741.52(0:82-322.9)  |2 MRF 
080 |a 821-93  |2 MRF 
100 1 |a Hunter, Erin  |7 mzk2006363422  |4 aut  |9 24069 
240 1 0 |a Lost warrior.  |l Česky 
245 1 0 |a Kočičí válečníci :  |b dobrodružství Šedého pruha.  |p Ztracený válečník /  |c Erin Hunterová, Dan Jolley ; nakreslil James L. Barry ; z anglického originálu Warriors: The Lost warrior ... přeložila Beata Krenželoková 
246 3 0 |a Dobrodružství Šedého pruha 
246 3 0 |a Ztracený válečník 
250 |a 2. vydání, v této podobě 1. vydání 
264 1 |a V Praze :  |b Albatros,  |c 2026 
300 |a 93 stran :  |b ilustrace ;  |c 21 cm 
336 |a text  |b txt  |2 rdacontent 
336 |a statický obraz  |b sti  |2 rdacontent 
337 |a bez média  |b n  |2 rdamedia 
338 |a svazek  |b nc  |2 rdacarrier 
500 |a Na hřbetu knihy uvedeno číslo 1 
500 |a Na obálce nad názvem uvedeno: manga 
520 2 |a Příběh kočičích válečných klanů ožívá v manga komiksu.  |b Dvounožci zničili les, jenž byl tolik úplňků domovem čtyř kočičích klanů. A co je ještě horší - unesli Šedého pruha, zástupce velitele Hromového klanu! A tak, zatímco Ohnivý měsíc nepřestává doufat, že svého přítele ještě někdy uvidí, Šedý pruh nedobrovolně zakouší úplně nový život. Nakladatelská anotace. 
521 8 |a Pro čtenáře od 8 let 
655 7 |a manga  |7 fd1057492  |2 czenas 
655 7 |a fantasy komiksy  |7 fd1057473  |2 czenas 
655 7 |a publikace pro děti  |7 fd133156  |2 czenas  |9 23 
655 9 |a manga  |2 eczenas 
655 9 |a fantasy comics  |2 eczenas 
655 9 |a children's literature  |2 eczenas 
700 1 |a Jolley, Dan,  |d 1971-  |7 ola2008434727  |4 aut  |9 115198 
700 1 |a Barry, James L.  |7 ola2008434728  |4 ill  |9 115199 
700 1 |a Krenželoková, Beata,  |d 1995-  |7 xx0243991  |4 trl  |9 115200 
710 2 |a Nakladatelství Albatros  |7 kn20010724027  |4 pbl  |9 108199 
910 |a UOG502 
942 |2 ddc  |c KN 
999 |d 106486 
993 |0 0  |1 421180107206  |2 ddc  |4 0  |7 0  |9 99930  |b 0  |c 107206  |d 2026-06-04  |e 0  |f M  |h 229.00  |i Koupě  |l M  |r 2026-06-04  |t 8  |w 2026-06-04  |y KN  |z KOMIKS  |n